<?xml version="1.0" encoding="UTF-8"?>
<record
    xmlns:xsi="http://www.w3.org/2001/XMLSchema-instance"
    xsi:schemaLocation="http://www.loc.gov/MARC21/slim http://www.loc.gov/standards/marcxml/schema/MARC21slim.xsd"
    xmlns="http://www.loc.gov/MARC21/slim">

  <leader>02075nam a2200349 a 4500</leader>
  <controlfield tag="001">BRL_1439</controlfield>
  <controlfield tag="005">20190320211215.0</controlfield>
  <controlfield tag="008">140114s1953----mx-a######---#001-0#spa-#</controlfield>
  <datafield tag="041" ind1=" " ind2=" ">
    <subfield code="a">mx</subfield>
  </datafield>
  <datafield tag="044" ind1=" " ind2=" ">
    <subfield code="a">spa</subfield>
  </datafield>
  <datafield tag="050" ind1=" " ind2="4">
    <subfield code="a">F1219.3.R38</subfield>
    <subfield code="b">.R84 1953</subfield>
  </datafield>
  <datafield tag="100" ind1="1" ind2=" ">
    <subfield code="a">Ruiz de Alarc&#xF3;n, Hernando</subfield>
    <subfield code="9">26912</subfield>
  </datafield>
  <datafield tag="245" ind1="1" ind2="0">
    <subfield code="a">Tratado de las idolatrias, supersticiones, dioses, ritos, hechicerias y otras costumbres gentilicas de las razas aborigenes de M&#xE9;xico</subfield>
    <subfield code="c">Hernando Ruiz de Alarc&#xF3;n, Pedro S&#xE1;nchez de Aguilar, Gonzalo de Balsalobre ; notas, comentarios y un estudio de Francisco del Paso y Troncoso.</subfield>
  </datafield>
  <datafield tag="250" ind1=" " ind2=" ">
    <subfield code="a">2. ed., ampliada con importantes suplementos e &#xED;ndices</subfield>
  </datafield>
  <datafield tag="260" ind1=" " ind2=" ">
    <subfield code="a">M&#xE9;xico, D.F.</subfield>
    <subfield code="b">Ediciones Fuente Cultural : Librer&#xED;a Navarro</subfield>
    <subfield code="c">1953</subfield>
  </datafield>
  <datafield tag="300" ind1=" " ind2=" ">
    <subfield code="a">477 p.</subfield>
    <subfield code="b">il.</subfield>
    <subfield code="c">23 cm.</subfield>
  </datafield>
  <datafield tag="440" ind1=" " ind2="0">
    <subfield code="a">Biblioteca Navarro de historia y cultura mexicana</subfield>
    <subfield code="9">26913</subfield>
  </datafield>
  <datafield tag="440" ind1=" " ind2="0">
    <subfield code="a">Colecci&#xF3;n del M&#xE9;xico eterno</subfield>
    <subfield code="9">26914</subfield>
  </datafield>
  <datafield tag="500" ind1=" " ind2=" ">
    <subfield code="a">Au1710</subfield>
  </datafield>
  <datafield tag="500" ind1=" " ind2=" ">
    <subfield code="a">Estado f&#xED;sico: Camisa en malas condiciones.</subfield>
  </datafield>
  <datafield tag="500" ind1=" " ind2=" ">
    <subfield code="a">Incluye &#xED;ndice onom&#xE1;stico, geogr&#xE1;fico, general e &#xED;ndice del volumen una X</subfield>
  </datafield>
  <datafield tag="505" ind1="0" ind2=" ">
    <subfield code="a">Tratado de supersticiones y costumbres gent&#xED;licas que oy viuen entre los indios naturales de esta Nueva Espa&#xF1;a / Hernando Ruiz de Alarc&#xF3;n .- Informe contra los adoradores de &#xED;dolos del obispado de Yucat&#xE1;n a&#xF1;o de 1639 / Dr. Pedro S&#xE1;nchez de Aguilar .- Relaci&#xF3;n aut&#xE9;ntica de las idolatr&#xED;as, supersticiones y vanas observaciones de los indios del Obispado de Oaxaca / Br. Gonzalo de Balsalobre</subfield>
  </datafield>
  <datafield tag="650" ind1="1" ind2="4">
    <subfield code="a">Ind&#xED;genas de M&#xE9;xico</subfield>
    <subfield code="x">Religi&#xF3;n y Mitolog&#xED;a</subfield>
    <subfield code="9">23675</subfield>
  </datafield>
  <datafield tag="650" ind1="1" ind2="4">
    <subfield code="a">Ind&#xED;genas de M&#xE9;xico</subfield>
    <subfield code="x">Medicina</subfield>
    <subfield code="9">18381</subfield>
  </datafield>
  <datafield tag="650" ind1="1" ind2="4">
    <subfield code="a">Aztecas</subfield>
    <subfield code="x">Religi&#xF3;n y Mitolog&#xED;a</subfield>
    <subfield code="9">26915</subfield>
  </datafield>
  <datafield tag="650" ind1="1" ind2="4">
    <subfield code="a">Aztecas</subfield>
    <subfield code="x">Medicina</subfield>
    <subfield code="9">26916</subfield>
  </datafield>
  <datafield tag="700" ind1="1" ind2=" ">
    <subfield code="a">S&#xE1;nchez de aguilar, Pedro</subfield>
    <subfield code="d">1555-1648</subfield>
    <subfield code="t">Informe contra idolorum cultores</subfield>
    <subfield code="9">26917</subfield>
  </datafield>
  <datafield tag="700" ind1="1" ind2=" ">
    <subfield code="a">Balsalobre, Gonzalo de</subfield>
    <subfield code="t">Relacion autentica de las idolatrias, supersticiones, vanas observaciones de los indios del obispado de Oaxaca</subfield>
    <subfield code="9">26918</subfield>
  </datafield>
  <datafield tag="700" ind1="1" ind2=" ">
    <subfield code="a">Paso y Troncoso, Francisco del</subfield>
    <subfield code="d">1842-1916</subfield>
    <subfield code="9">26919</subfield>
  </datafield>
  <datafield tag="902" ind1=" " ind2=" ">
    <subfield code="a">GRL</subfield>
  </datafield>
  <datafield tag="942" ind1=" " ind2=" ">
    <subfield code="2">lcc</subfield>
    <subfield code="c">B</subfield>
  </datafield>
  <datafield tag="999" ind1=" " ind2=" ">
    <subfield code="c">10249</subfield>
    <subfield code="d">10249</subfield>
  </datafield>
  <datafield tag="952" ind1=" " ind2=" ">
    <subfield code="0">0</subfield>
    <subfield code="1">0</subfield>
    <subfield code="4">0</subfield>
    <subfield code="7">0</subfield>
    <subfield code="a">BRL</subfield>
    <subfield code="b">BRL</subfield>
    <subfield code="d">2014-01-14</subfield>
    <subfield code="i">Au1710</subfield>
    <subfield code="l">0</subfield>
    <subfield code="o">F1219.3.R38 .R84 1953 (Au1710)</subfield>
    <subfield code="p">GRL01599</subfield>
    <subfield code="r">2019-03-22 00:00:00</subfield>
    <subfield code="w">2019-03-22</subfield>
    <subfield code="y">B</subfield>
  </datafield>
</record>
